LEADER 01209nam0-22003971i-450- 001 990001334560403321 005 20111005152936.0 010 $a0-486-65242-4 035 $a000133456 035 $aFED01000133456 035 $a(Aleph)000133456FED01 035 $a000133456 100 $a20001205d1986----km-y0itay50------ba 101 0 $aeng 102 $aUS 105 $ay-------001yy 200 1 $a<>introduction to statistical thermodynamics$fTerrell L. Hill 210 $aNew York$cDover Publications$d1986 215 $axiv, 526 p.$d24 cm 300 $aOriginally published: Reading, Mass. : Addison-Wesley, 1960. Originally published in series: Addison-Wesley series in chemistry 610 0 $aTermodinamica statistica 610 0 $aTermodinamica 676 $a541.369 700 1$aHill,$bTerrell Leslie$012402 801 0$aIT$bUNINA$gRICA$2UNIMARC 901 $aBK 912 $a990001334560403321 952 $a60 541.369 B 1$b13424$fFAGBC 952 $a122-C-22$b14215$fMA1 952 $a10 B I 575$bDIEL 3331$fDINEL 959 $aMA1 959 $aDINEL 959 $aFAGBC 962 $a82B30 996 $aIntroduction to statistical thermodynamics$9376029 997 $aUNINA LEADER 03156nam 2200577Ia 450 001 9910454123703321 005 20200520144314.0 010 $a1-281-93082-2 010 $a9786611930820 010 $a0-19-156796-5 035 $a(CKB)1000000000707170 035 $a(EBL)415950 035 $a(OCoLC)437096379 035 $a(SSID)ssj0000223897 035 $a(PQKBManifestationID)11185384 035 $a(PQKBTitleCode)TC0000223897 035 $a(PQKBWorkID)10204923 035 $a(PQKB)10158273 035 $a(MiAaPQ)EBC415950 035 $a(Au-PeEL)EBL415950 035 $a(CaPaEBR)ebr10273017 035 $a(CaONFJC)MIL193082 035 $a(EXLCZ)991000000000707170 100 $a20080926d2009 uy 0 101 0 $aeng 135 $aur|n|---||||| 181 $ctxt 182 $cc 183 $acr 200 04$aThe politics of aid$b[electronic resource] $eAfrican strategies for dealing with donors /$fedited by Lindsay Whitfield 210 $aOxford ;$aNew York $cOxford University Press$d2009 215 $a1 online resource (422 p.) 300 $aDescription based upon print version of record. 311 $a0-19-956017-X 320 $aIncludes bibliographical references and index. 327 $aContents; Foreword; Preface; List of Abbreviations; Notes on Contributors; Introduction: Aid and Sovereignty; 1. Negotiating Aid; 2. Aid-Recipient Sovereignty in Historical Context; 3. Understanding Contemporary Aid Relationships; 4. Botswana: The African Success Story; 5. Ethiopia: Retaining Sovereignty in Aid Relations; 6. Rwanda: Milking the Cow. Creating Policy Space in Spite of Aid Dependence; 7. Ghana: Breaking Out of Aid Dependence? Economic and Political Barriers to Ownership; 8. Mali: Patterns and Limits of Donor-Driven Ownership 327 $a9. Mozambique: Contested Sovereignty? The Dilemmas of Aid Dependence10. Tanzania: A Genuine Case of Recipient Leadership in the Aid System?; 11. Zambia: Back to the Future?; 12. Aid and Power: A Comparative Analysis of the Country Studies; Conclusion: Changing Conditions?; Index 330 $aThe volume examines negotiations between rich countries and African governments over what should happen with money given as aid. Describing the history of aid talks the volume presents eight studies of the strategies of negotiation tried by particular African countries. - ;This book presents an original approach to understanding the relationship between official aid agencies and aid-receiving African governments. The first part provides a challenge to the hazy official claims of aid donors that they have stopped trying to force African governments to do what 'we' think is best for 'them' and i 606 $aEconomic assistance$xPolitical aspects$zAfrica 607 $aAfrica$xForeign economic relations 608 $aElectronic books. 615 0$aEconomic assistance$xPolitical aspects 676 $a338.91096 701 $aWhitfield$b Lindsay$f1978-$0991738 801 0$bMiAaPQ 801 1$bMiAaPQ 801 2$bMiAaPQ 906 $aBOOK 912 $a9910454123703321 996 $aThe politics of aid$92269694 997 $aUNINA